Analysing the legal protection of copyright related rights in Kenya (Record no. 4002)

000 -LEADER
fixed length control field 00410nam a22001457a 4500
003 - CONTROL NUMBER IDENTIFIER
control field OSt
005 - DATE AND TIME OF LATEST TRANSACTION
control field 20180619090038.0
008 - FIXED-LENGTH DATA ELEMENTS--GENERAL INFORMATION
fixed length control field 180619b xxu||||| |||| 00| 0 eng d
050 ## - LIBRARY OF CONGRESS CALL NUMBER
Classification number RUSC KNQ1155.H35 2018
100 ## - MAIN ENTRY--PERSONAL NAME
Personal name Halaku, G. Ruth
245 ## - TITLE STATEMENT
Title Analysing the legal protection of copyright related rights in Kenya
Statement of responsibility, etc Ruth Gene Halaku
260 ## - PUBLICATION, DISTRIBUTION, ETC. (IMPRINT)
Place of publication, distribution, etc Nairobi
Date of publication, distribution, etc 2018
300 ## - PHYSICAL DESCRIPTION
Extent 44 p:
Dimensions 24cm
942 ## - ADDED ENTRY ELEMENTS (KOHA)
Source of classification or shelving scheme
Koha item type Research Project
Holdings
Withdrawn status Lost status Source of classification or shelving scheme Damaged status Not for loan Home library Current library Shelving location Date acquired Total Checkouts Full call number Barcode Date last seen Price effective from Koha item type
          Riara University Library Riara University Library Special Collection 19/06/2018   RUSC KNQ1155.H35 2018 10034/18 19/06/2018 19/06/2018 Research Project

Riara University Library,
P.O. Box 49940-00100,
Nairobi, Kenya.